KOHA-Header-6

Alice's Adventures in Wonderland & Through the Looking-Glass (Record no. 8637)

000 -LEADER
fixed length control field 00272nam a2200109Ia 4500
020 ## - INTERNATIONAL STANDARD BOOK NUMBER
ISBN 978-1420922301
100 ## - MAIN ENTRY--AUTHOR NAME
Personal name Lewis Carroll
245 #0 - TITLE STATEMENT
Title Alice's Adventures in Wonderland & Through the Looking-Glass
260 ## - PUBLICATION, DISTRIBUTION, ETC. (IMPRINT)
Place of publication New York
Name of publisher Addision
Year of publication 1991
300 ## - PHYSICAL DESCRIPTION
Number of Pages 292
942 ## - ADDED ENTRY ELEMENTS (KOHA)
Koha item type Books
Holdings
Withdrawn status Lost status Collection code Permanent Location Current Location Shelving location Date acquired Full call number Accession Number Koha item type
      MAJU MAJU Shelf No.A23 2019-09-14 338.5 3501 English Literature

Powered by Koha